MARC
| LEADER | 00000nam a2200000Ia 4500 | ||
|---|---|---|---|
| 008 | 170316s9999 xx 000 0 und d | ||
| 040 | |a cru BVZT | ||
| 090 | |a C-820 J-1h | ||
| 100 | |a Jones, Ernest | ||
| 245 | |a Hamlet and Oedipus | ||
| 260 | |a New York, Estados Unidos | ||
| 260 | |b Doubleday | ||
| 260 | |c 1949 | ||
| 300 | |a 194 páginas | ||
| 650 | |a LITERATURA INGLESA | ||
| 650 | |a CRÍTICA | ||
| 999 | |c 12907 |d 12907 | ||
| 942 | |c 15 D |h C-820 J-1h |2 z | ||
